[Event "SLO-chT1 West"]
[Site "Ljubljana"]
[Date "2014.10.11"]
[Round "5"]
[White "Kovacic, Peter"]
[Black "Kersic, Matej"]
[Result "1-0"]
[WhiteElo "2175"]
[BlackElo "2207"]
[PlyCount "95"]
[EventDate "2014.10.03"]
[EventType "team-tourn"]
[EventRounds "9"]
[EventCountry "SLO"]
[SourceTitle "EXT 2019"]
[Source "ChessBase"]
[SourceDate "2018.10.10"]
[SourceVersion "1"]
[SourceVersionDate "2018.10.10"]
[SourceQuality "1"]
[WhiteTeam "Tomo Zupan Vzajemna"]
[BlackTeam "Stari Mayr Kranj"]
[WhiteTeamCountry "SLO"]
[BlackTeamCountry "SLO"]

1. Nc3 d5 2. e4 c6 3. d3 e5 4. g3 Nf6 5. Bg2 dxe4 6. Nxe4 Nxe4 7. Bxe4 Nd7 8. Ne2 Nf6 9. Bg2 Be6 10. 0-0 Be7 11. b3 Bd5 12. f3 0-0 13. Be3 Re8 14. h3 Qc7 15. c4 Be6 16. g4 Rad8 17. Qc2 Nd7 18. f4 f6 19. Be4 Nf8 20. f5 Bf7 21. Ng3 Nd7 22. Qf2 b6 23. Qg2 Rc8 24. Rad1 Bc5 25. Bf2 Bxf2+ 26. Rxf2 Nc5 27. h4 Nxe4 28. Nxe4 Kh8 29. g5 Qe7 30. Qg4 Rcd8 31. Kh2 Rd4 32. Rg1 fxg5 33. hxg5 g6 34. f6 Qe6 35. Qg3 Qd7 36. Rf3 Rd8 37. Nf2 Qd6 38. Re1 Rf4 39. Rxf4 exf4 40. Qf3 Kg8 41. Ng4 Re8 42. Rxe8+ Bxe8 43. Qe4 Bd7 44. Ne5 f3 45. d4 f2 46. Kg2 Bf5 47. Qf4 Qa3 48. Nxc6 1-0

[Event "SLO-chT 20th"]
[Site "Gostovanja"]
[Date "2010.11.05"]
[Round "7"]
[White "Kovacic, Peter"]
[Black "Gruskovnjak, Tomislav"]
[Result "0-1"]
[WhiteElo "2167"]
[BlackElo "2350"]
[PlyCount "100"]
[EventDate "2010.05.15"]
[EventType "team-tourn"]
[EventRounds "9"]
[EventCountry "SLO"]
[SourceTitle "EXT 2020"]
[Source "ChessBase"]
[SourceDate "2019.10.17"]
[SourceVersion "1"]
[SourceVersionDate "2019.10.17"]
[SourceQuality "1"]
[WhiteTeam "Kranj Tomo Zupan"]
[BlackTeam "Radenska Pomgrad"]
[WhiteTeamCountry "SLO"]
[BlackTeamCountry "SLO"]

1. Nf3 d5 2. b3 Bg4 3. Ne5 Bf5 4. d4 Nd7 5. Nxd7 Qxd7 6. Bb2 Nf6 7. e3 e6 8. Bd3 Ne4 9. 0-0 Be7 10. f3 Nf6 11. Nc3 0-0 12. e4 dxe4 13. Bxe4 Nxe4 14. Nxe4 Rfd8 15. Qe2 a5 16. a4 Qc6 17. c4 Rd7 18. Qe3 Rad8 19. Rad1 Bg6 20. Rfe1 h6 21. Re2 Bxe4 22. fxe4 e5 23. Kf1 Bc5 24. Qg3 Bxd4 25. Bxd4 exd4 26. Rd3 Qe6 27. Qe1 Qe5 28. g3 b6 29. Kg2 Re8 30. Rf3 Rde7 31. Qf2 c5 32. Rf5 Qc7 33. Qf3 Re6 34. Rf2 f6 35. Re2 Qe7 36. Rf4 Re5 37. h4 Qd7 38. g4 Qf7 39. Kh3 Rd8 40. Qd3 Qe6 41. Qf3 h5 42. Kg3 hxg4 43. Rxg4 Re8 44. Rf4 Qd6 45. Kg2 Qd7 46. Qg3 f5 47. Ref2 fxe4 48. Qg6 R5e6 49. Qh5 e3 50. Rf7 R6e7 0-1

[Event "SLO-chT 20th"]
[Site "Gostovanja"]
[Date "2010.10.31"]
[Round "6"]
[White "Navinsek, Thomaz"]
[Black "Kovacic, Peter"]
[Result "1-0"]
[WhiteElo "2294"]
[BlackElo "2167"]
[PlyCount "107"]
[EventDate "2010.05.15"]
[EventType "team-tourn"]
[EventRounds "9"]
[EventCountry "SLO"]
[SourceTitle "EXT 2020"]
[Source "ChessBase"]
[SourceDate "2019.10.17"]
[SourceVersion "1"]
[SourceVersionDate "2019.10.17"]
[SourceQuality "1"]
[WhiteTeam "Maribor Branik"]
[BlackTeam "Kranj Tomo Zupan"]
[WhiteTeamCountry "SLO"]
[BlackTeamCountry "SLO"]

1. c4 e6 2. Nf3 d5 3. g3 c6 4. b3 f5 5. Bg2 Nf6 6. 0-0 Bd6 7. Bb2 0-0 8. d3 Qe7 9. Nc3 e5 10. e3 a6 11. Rc1 Be6 12. Ng5 Nbd7 13. a3 h6 14. Nxe6 Qxe6 15. cxd5 Nxd5 16. Nxd5 cxd5 17. b4 Rac8 18. Qb3 e4 19. Rxc8 Rxc8 20. Bh3 Ne5 21. Bxe5 Qxe5 22. dxe4 Rc3 23. Qa2 fxe4 24. Rd1 Rd3 25. Rxd3 exd3 26. Bg2 Kf8 27. Bxd5 Qc3 28. Bf3 d2 29. Kg2 Qc1 30. Qd5 d1Q 31. Bxd1 Qc6 32. Qxc6 bxc6 33. Be2 c5 34. bxc5 Bxc5 35. a4 a5 36. Kf3 Kf7 37. Ke4 Kf6 38. f4 g6 39. Kf3 g5 40. e4 Bg1 41. e5+ Ke7 42. fxg5 hxg5 43. h4 gxh4 44. gxh4 Bd4 45. Ke4 Bb2 46. h5 Bc1 47. Kf5 Bh6 48. Bc4 Bg7 49. e6 Kf8 50. Kg6 Bc3 51. Kh7 Bf6 52. h6 Bh4 53. Kg6 Ke7 54. Kg7 1-0

[Event "SLO-chT1a West"]
[Site "Ljubljana"]
[Date "2009.10.18"]
[Round "9.2"]
[White "Kastelic, Marian"]
[Black "Kovacic, Peter"]
[Result "1-0"]
[WhiteElo "2265"]
[BlackElo "2176"]
[PlyCount "71"]
[EventDate "2009.10.09"]
[EventType "team-tourn"]
[EventRounds "9"]
[EventCountry "SLO"]
[SourceTitle "EXT 2012"]
[Source "ChessBase"]
[SourceDate "2011.11.24"]
[SourceVersion "1"]
[SourceVersionDate "2011.11.24"]
[SourceQuality "1"]
[WhiteTeam "Novo Mesto Krka"]
[BlackTeam "Kranj Tomo Zupan"]
[WhiteTeamCountry "SLO"]
[BlackTeamCountry "SLO"]

1. d4 d5 2. Nf3 e6 3. e3 c6 4. Bd3 Bd6 5. Nbd2 f5 6. Ne5 Nf6 7. 0-0 0-0 8. f4 Nbd7 9. c4 Ne4 10. b3 Rf6 11. Bxe4 dxe4 12. c5 Bc7 13. b4 a5 14. bxa5 Bxa5 15. Ndc4 Bc7 16. a4 Rh6 17. g3 Nf6 18. Bd2 Nd5 19. a5 g5 20. Rf2 Bxe5 21. Nxe5 Ra6 22. Rb1 g4 23. Nc4 Rg6 24. Be1 h5 25. Rfb2 Rg7 26. Qe2 Ra7 27. Nd6 Kh7 28. Bd2 Rd7 29. Nc4 Rg7 30. Ne5 Qe8 31. Kg2 Kh6 32. Rh1 Qd8 33. h3 gxh3+ 34. Rxh3 Nf6 35. Rb1 Bd7 36. Rxh5+ 1-0

[Event "SLO-chT1a West"]
[Site "Ljubljana"]
[Date "2009.10.16"]
[Round "6.3"]
[White "Plaskan, Jure"]
[Black "Kovacic, Peter"]
[Result "1/2-1/2"]
[WhiteElo "2157"]
[BlackElo "2176"]
[PlyCount "80"]
[EventDate "2009.10.09"]
[EventType "team-tourn"]
[EventRounds "9"]
[EventCountry "SLO"]
[SourceTitle "EXT 2012"]
[Source "ChessBase"]
[SourceDate "2011.11.24"]
[SourceVersion "1"]
[SourceVersionDate "2011.11.24"]
[SourceQuality "1"]
[WhiteTeam "Domzale"]
[BlackTeam "Kranj Tomo Zupan"]
[WhiteTeamCountry "SLO"]
[BlackTeamCountry "SLO"]

1. e4 b6 2. d4 Bb7 3. Nc3 e6 4. Bf4 Bb4 5. Bd3 Nf6 6. Qe2 c5 7. a3 Bxc3+ 8. bxc3 c4 9. Bxc4 Nxe4 10. Qd3 Qf6 11. Nh3 Qg6 12. Rg1 Nf6 13. f3 Qxd3 14. cxd3 Ke7 15. Kd2 Nc6 16. Rge1 Na5 17. Ba2 Rac8 18. c4 d5 19. Rac1 dxc4 20. dxc4 Ba6 21. c5 bxc5 22. Rxc5 Nc4+ 23. Bxc4 Bxc4 24. Rc1 Rxc5 25. dxc5 Bd5 26. Be5 h6 27. Nf4 Rd8 28. Ke3 Bc6 29. Bd6+ Ke8 30. Nd3 Nd5+ 31. Kf2 f6 32. Nb2 Rd7 33. Nc4 Rb7 34. Rc2 Rb1 35. Rb2 Rxb2+ 36. Nxb2 Nc3 37. Bb8 Kd7 38. Ke3 a6 39. Kd3 Nd5 40. a4 e5 1/2-1/2

[Event "SLO-chT1a West"]
[Site "Ljubljana"]
[Date "2009.10.10"]
[Round "3.2"]
[White "Bratovic, Blaz"]
[Black "Kovacic, Peter"]
[Result "1-0"]
[WhiteElo "2350"]
[BlackElo "2176"]
[PlyCount "119"]
[EventDate "2009.10.09"]
[EventType "team-tourn"]
[EventRounds "9"]
[EventCountry "SLO"]
[SourceTitle "EXT 2012"]
[Source "ChessBase"]
[SourceDate "2011.11.24"]
[SourceVersion "1"]
[SourceVersionDate "2011.11.24"]
[SourceQuality "1"]
[WhiteTeam "Gorenjka Lesce"]
[BlackTeam "Kranj Tomo Zupan"]
[WhiteTeamCountry "SLO"]
[BlackTeamCountry "SLO"]

1. e4 b6 2. d4 Bb7 3. Bd3 e6 4. Nf3 c5 5. 0-0 Nf6 6. Nbd2 d5 7. e5 Nfd7 8. c3 Nc6 9. Re1 Be7 10. Nf1 g5 11. Be3 h6 12. a3 Qc7 13. b4 c4 14. Bc2 0-0-0 15. N3d2 f6 16. exf6 Bxf6 17. Ng3 e5 18. b5 Na5 19. Nh5 exd4 20. cxd4 Rhf8 21. Qg4 Kb8 22. Nf1 Bc8 23. Qd1 Bh8 24. h4 Nf6 25. Nxf6 Bxf6 26. Qh5 Qg7 27. Rad1 Rg8 28. hxg5 hxg5 29. Ng3 Nb7 30. a4 Nd6 31. Qf3 Qf7 32. Bc1 Bh8 33. Qxf7 Nxf7 34. Ba3 Nd6 35. Bh7 Rg7 36. Bxd6+ Rxd6 37. Bf5 Rd8 38. Bxc8 Rxc8 39. Nf5 Rd7 40. Ne7 Rxe7 41. Rxe7 c3 42. Re2 Bxd4 43. Rxd4 c2 44. Rxc2 Rxc2 45. Rxd5 Rc4 46. Rxg5 Rxa4 47. g4 a5 48. bxa6 Rxa6 49. Kg2 Kc7 50. Kg3 Ra5 51. Rg7+ Kc6 52. f4 b5 53. Rg8 b4 54. Rc8+ Kb7 55. Rc1 Ra3+ 56. Kh4 Rc3 57. Rb1 b3 58. f5 Kc6 59. Kg5 Kd5 60. Kg6 1-0

[Event "SLO-chT1 West"]
[Site "Otocec"]
[Date "2006.11.18"]
[Round "4"]
[White "Kovacic, Peter"]
[Black "Bulatovic, Milorad"]
[Result "1-0"]
[WhiteElo "2158"]
[BlackElo "2061"]
[PlyCount "73"]
[EventDate "2006.11.16"]
[EventType "team"]
[EventRounds "9"]
[EventCountry "SLO"]
[SourceTitle "EXT 2008"]
[Source "ChessBase"]
[SourceDate "2007.11.25"]
[SourceVersion "1"]
[SourceVersionDate "2007.11.25"]
[SourceQuality "1"]

1. b3 d5 2. Bb2 Nc6 3. e3 e5 4. Bb5 Bd6 5. f4 Qe7 6. Nf3 Bg4 7. fxe5 Bxe5 8. Bxe5 Bxf3 9. Qxf3 Qxe5 10. Bxc6+ bxc6 11. Nc3 Ne7 12. 0-0 0-0 13. Qf4 f6 14. e4 Qd4+ 15. Qf2 Qxf2+ 16. Rxf2 f5 17. exf5 Nxf5 18. Ne2 Nd6 19. Rxf8+ Rxf8 20. Nd4 Ne4 21. Nxc6 a6 22. Ne7+ Kh8 23. Nxd5 c6 24. d3 cxd5 25. dxe4 dxe4 26. Re1 Re8 27. Kf2 g5 28. Ke3 Kg7 29. Rd1 Kf6 30. Rd6+ Kf5 31. c4 a5 32. Rd5+ Re5 33. Rxe5+ Kxe5 34. g4 h6 35. h3 a4 36. bxa4 Kd6 37. Kxe4 1-0

[Event "SLO-chT1 West"]
[Site "Otocec"]
[Date "2006.11.17"]
[Round "2"]
[White "Hasanagic, Anel"]
[Black "Kovacic, Peter"]
[Result "1/2-1/2"]
[WhiteElo "2013"]
[BlackElo "2158"]
[PlyCount "36"]
[EventDate "2006.11.16"]
[EventType "team"]
[EventRounds "9"]
[EventCountry "SLO"]
[SourceTitle "EXT 2008"]
[Source "ChessBase"]
[SourceDate "2007.11.25"]
[SourceVersion "1"]
[SourceVersionDate "2007.11.25"]
[SourceQuality "1"]

1. e4 e5 2. Nf3 d5 3. Nxe5 Bd6 4. d4 dxe4 5. Nc4 Be7 6. Nc3 Nf6 7. Bg5 Nc6 8. Bxf6 Bxf6 9. d5 Bxc3+ 10. bxc3 Ne7 11. Ne3 0-0 12. Bc4 Qd6 13. Qd4 f5 14. Bb3 Kh8 15. 0-0-0 a5 16. Nc4 Qh6+ 17. Nd2 Qd6 18. Nc4 Qh6+ 1/2-1/2

[Event "Kranj op 2nd"]
[Site "Kranj"]
[Date "2005.07.02"]
[Round "6"]
[White "Hasanagic, Anel"]
[Black "Kovacic, Peter"]
[Result "1/2-1/2"]
[WhiteElo "1860"]
[BlackElo "2199"]
[PlyCount "94"]
[EventDate "2005.06.??"]
[EventType "swiss"]
[EventRounds "9"]
[EventCountry "SLO"]
[SourceTitle "EXT 2006"]
[Source "ChessBase"]
[SourceDate "2005.11.24"]
[SourceVersion "1"]
[SourceVersionDate "2005.11.24"]
[SourceQuality "1"]

1. e4 b6 2. d4 Bb7 3. Bd3 e6 4. Nf3 Nf6 5. Qe2 c5 6. c3 cxd4 7. cxd4 Nc6 8. Nc3 Nb4 9. Bb1 Ba6 10. Qd2 Rc8 11. a3 Nc6 12. Bd3 Bxd3 13. Qxd3 d5 14. e5 Nd7 15. b4 Be7 16. 0-0 0-0 17. Re1 Qc7 18. Nb5 Qd8 19. Nc3 a6 20. Na4 Bxb4 21. axb4 Nxb4 22. Qe2 Nc2 23. Bg5 Qe8 24. Nb2 Nxe1 25. Nxe1 Nb8 26. Nbd3 Qb5 27. h4 h6 28. Be3 Nc6 29. Qh5 Kh7 30. g4 f5 31. Nf4 Nd8 32. g5 Qe8 33. g6+ Kg8 34. Rxa6 Qc6 35. Ra7 Rc7 36. Rxc7 Qxc7 37. Nf3 b5 38. Ng5 Qe7 39. Nd3 Nc6 40. Nc5 f4 41. Ncxe6 fxe3 42. Nxf8 exf2+ 43. Kxf2 Qxf8+ 44. Ke3 Qf1 45. Qg4 Qc1+ 46. Kf2 Qd2+ 47. Kf1 Qc1+ 1/2-1/2

[Event "Kranj op 2nd"]
[Site "Kranj"]
[Date "2005.07.01"]
[Round "4"]
[White "Kovacic, Peter"]
[Black "Buzeti, Jernej"]
[Result "1-0"]
[WhiteElo "2199"]
[BlackElo "1948"]
[PlyCount "77"]
[EventDate "2005.06.??"]
[EventType "swiss"]
[EventRounds "9"]
[EventCountry "SLO"]
[SourceTitle "EXT 2006"]
[Source "ChessBase"]
[SourceDate "2005.11.24"]
[SourceVersion "1"]
[SourceVersionDate "2005.11.24"]
[SourceQuality "1"]

1. b3 e5 2. Bb2 Nc6 3. e3 Nf6 4. Bb5 Bd6 5. Ne2 a6 6. Bxc6 dxc6 7. 0-0 Be6 8. f4 exf4 9. Nxf4 Qd7 10. Nxe6 Qxe6 11. Qf3 0-0-0 12. Qf5 Kb8 13. Qxe6 fxe6 14. Rxf6 gxf6 15. Bxf6 Rhg8 16. Bxd8 Rxd8 17. a3 Be5 18. Ra2 c5 19. d3 c6 20. Nd2 h6 21. Ne4 b6 22. Kf2 Kc7 23. g3 h5 24. Ng5 Rf8+ 25. Ke2 Kd7 26. c4 Ke7 27. Nh3 h4 28. Nf4 Rg8 29. Kf3 hxg3 30. hxg3 Bxf4 31. exf4 Kf6 32. Rh2 Rd8 33. Ke4 Kg6 34. Rh4 Rd4+ 35. Ke3 Rd8 36. g4 a5 37. a4 b5 38. Rh5 bxc4 39. bxc4 1-0

[Event "SLO Cup"]
[Site "Gostovanja"]
[Date "2005.06.27"]
[Round "2"]
[White "Gjuran, Denis"]
[Black "Kovacic, Peter"]
[Result "1/2-1/2"]
[WhiteElo "2311"]
[BlackElo "2199"]
[PlyCount "112"]
[EventDate "2005.05.16"]
[EventType "team"]
[EventRounds "4"]
[EventCountry "SLO"]
[SourceTitle "EXT 2009"]
[Source "ChessBase"]
[SourceDate "2008.11.26"]
[SourceVersion "1"]
[SourceVersionDate "2008.11.26"]
[SourceQuality "1"]
[WhiteTeam "Pomgrad Radenska"]
[BlackTeam "Kranj Tomo Zupan"]
[WhiteTeamCountry "SLO"]
[BlackTeamCountry "SLO"]

1. e4 b6 2. d4 Bb7 3. Bd3 e6 4. Nf3 c5 5. c3 cxd4 6. cxd4 Nf6 7. Qe2 Nc6 8. Nc3 Nb4 9. Bb1 Rc8 10. 0-0 Ba6 11. Nb5 d5 12. e5 Qd7 13. a4 Ng8 14. Bd2 Nh6 15. h3 Nc2 16. Bxc2 Rxc2 17. Nd6+ Bxd6 18. Qxa6 Be7 19. Bc3 Rxc3 20. bxc3 0-0 21. a5 Bd8 22. Nd2 Nf5 23. Qd3 bxa5 24. Nb3 Bb6 25. Nxa5 Rc8 26. Nb3 Qc7 27. Rfc1 f6 28. exf6 gxf6 29. Qa6 Kh8 30. Re1 Rg8 31. Qd3 Nh4 32. g3 e5 33. Qe3 e4 34. Kh1 Nf3 35. Re2 Qc8 36. Kg2 Ng5 37. Rh1 Nf3 38. Qf4 Rg6 39. Qd6 Qf5 40. Kf1 Ng5 41. Qf4 Qc8 42. h4 Bc7 43. Qc1 Nf3 44. c4 Qb8 45. Nc5 Nxd4 46. Rb2 Qd8 47. Nb7 Qd7 48. cxd5 Bb6 49. h5 Rg5 50. Rxb6 axb6 51. Qf4 Qxb7 52. Qxf6+ Qg7 53. Qd8+ Qg8 54. Qf6+ Qg7 55. Qd8+ Qg8 56. Qf6+ Qg7 1/2-1/2

[Event "SLO-chT2W"]
[Site "Bled"]
[Date "2003.11.13"]
[Round "5"]
[White "Kozamernik, Janez"]
[Black "Kovacic, Peter"]
[Result "0-1"]
[WhiteElo "2229"]
[BlackElo "2204"]
[PlyCount "66"]
[EventDate "2003.11.07"]
[EventType "team"]
[EventRounds "8"]
[EventCountry "SLO"]
[SourceTitle "EXT 2005"]
[Source "ChessBase"]
[SourceDate "2004.11.15"]
[SourceVersion "1"]
[SourceVersionDate "2004.11.15"]
[SourceQuality "1"]

1. e4 b6 2. d4 Bb7 3. Bd3 e6 4. Nf3 c5 5. c3 d5 6. e5 h6 7. 0-0 Ne7 8. Re1 Nec6 9. Nbd2 Nd7 10. Nf1 Qc7 11. Qe2 c4 12. Bc2 b5 13. b3 Nb6 14. Ne3 a5 15. a4 cxb3 16. Bxb3 bxa4 17. Ba2 Ba6 18. Qc2 Na7 19. Bd2 Nb5 20. c4 Na3 21. Qc1 Bxc4 22. Qb2 Bxa2 23. Rxa2 Nac4 24. Qa1 Nxe3 25. Bxe3 Nc4 26. Rxa4 Nxe3 27. fxe3 Be7 28. Rc1 Qb6 29. Rb1 Qa6 30. Rb2 0-0 31. Rba2 Qd3 32. Kf2 Rab8 33. Rxa5 Rb1 0-1

[Event "Bled op 24th"]
[Site "Bled"]
[Date "2003.07.17"]
[Round "5"]
[White "Kovacic, Peter"]
[Black "Nikolic, Stanko"]
[Result "1/2-1/2"]
[WhiteElo "2198"]
[BlackElo "2049"]
[PlyCount "67"]
[EventDate "2003.07.14"]
[EventType "swiss"]
[EventRounds "9"]
[EventCountry "SLO"]
[SourceTitle "CBM 095 Extra"]
[Source "ChessBase"]
[SourceDate "2003.09.04"]
[SourceVersion "1"]
[SourceVersionDate "2003.09.04"]
[SourceQuality "1"]

1. b3 e5 2. Bb2 Nc6 3. e3 Nf6 4. Bb5 d6 5. d4 exd4 6. exd4 a6 7. Be2 d5 8. Nf3 Bb4+ 9. c3 Bd6 10. 0-0 0-0 11. c4 Re8 12. Nc3 Bf8 13. Ne5 Be6 14. f4 dxc4 15. Nxc6 bxc6 16. f5 Bd7 17. bxc4 Rb8 18. Rb1 Qe7 19. c5 Rxb2 20. Rxb2 Qe3+ 21. Kh1 Qxc3 22. Rb3 Qa5 23. Qd3 Qxa2 24. Bf3 Bxf5 25. Qc3 Be6 26. Ra3 Qc4 27. Rfa1 Bd5 28. Bxd5 Qxd5 29. Rxa6 Ne4 30. Qe3 Nf6 31. Qc3 Ne4 32. Qe3 Nd6 33. Qf3 Ne4 34. Qe3 1/2-1/2

[Event "Bled op 24th"]
[Site "Bled"]
[Date "2003.07.15"]
[Round "2"]
[White "Tratar, Marko"]
[Black "Kovacic, Peter"]
[Result "1-0"]
[WhiteElo "2455"]
[BlackElo "2198"]
[PlyCount "55"]
[EventDate "2003.07.14"]
[EventType "swiss"]
[EventRounds "9"]
[EventCountry "SLO"]
[SourceTitle "CBM 095 Extra"]
[Source "ChessBase"]
[SourceDate "2003.09.04"]
[SourceVersion "1"]
[SourceVersionDate "2003.09.04"]
[SourceQuality "1"]

1. Nf3 d5 2. d4 Bg4 3. Ne5 Bf5 4. c4 f6 5. Nf3 dxc4 6. Nc3 c6 7. e4 Bg4 8. Bxc4 Bxf3 9. gxf3 b5 10. Nxb5 cxb5 11. Bd5 e6 12. Bxa8 Bb4+ 13. Ke2 Ne7 14. Qb3 Qxd4 15. Be3 Qc4+ 16. Qxc4 bxc4 17. Rac1 c3 18. bxc3 Ba3 19. Rb1 0-0 20. Rhd1 Na6 21. Rb3 Bc5 22. Bb7 Bxe3 23. Bxa6 Bc5 24. Rb5 Bb6 25. c4 Ng6 26. c5 Bc7 27. Rd7 Bxh2 28. Rbb7 1-0

[Event "SLO-chT2W"]
[Site "Slovenia"]
[Date "2002.11.30"]
[Round "7.3"]
[White "Jurkovic, Hrvoje"]
[Black "Kovacic, Peter"]
[Result "1/2-1/2"]
[WhiteElo "2399"]
[BlackElo "2197"]
[PlyCount "118"]
[EventDate "2002.11.22"]
[EventType "team"]
[EventRounds "7"]
[EventCountry "SLO"]
[SourceTitle "EXT 2005"]
[Source "ChessBase"]
[SourceDate "2004.11.15"]
[SourceVersion "1"]
[SourceVersionDate "2004.11.15"]
[SourceQuality "1"]

1. e4 e5 2. Nf3 Nc6 3. Bc4 Nf6 4. d4 exd4 5. 0-0 Nxe4 6. Re1 d5 7. Bxd5 Qxd5 8. Nc3 Qa5 9. Nxe4 Be6 10. Bd2 Qd5 11. Bg5 Bd6 12. Nxd6+ Qxd6 13. Qd2 0-0 14. Bf4 Qd7 15. Ne5 Nxe5 16. Bxe5 Bf5 17. Qf4 Rac8 18. Bxd4 Bg6 19. h4 f6 20. c4 c5 21. Bc3 Rfe8 22. Qf3 Qc6 23. Qg4 Rxe1+ 24. Rxe1 Re8 25. Rd1 Qe4 26. Qg3 Qe7 27. Rd5 Rd8 28. h5 Bf7 29. Rxd8+ Qxd8 30. Qg4 h6 31. b3 Kh8 32. Qf3 Qd7 33. Kh2 Be6 34. Qf4 Kh7 35. f3 Qd3 36. Bd2 Qf5 37. g4 Qxf4+ 38. Bxf4 g6 39. hxg6+ Kxg6 40. Bd6 f5 41. Kg3 fxg4 42. fxg4 h5 43. gxh5+ Kxh5 44. Kf4 Kg6 45. Bxc5 b6 46. Ke5 Bf5 47. Bxb6 axb6 48. b4 Bd3 49. c5 bxc5 50. bxc5 Kf7 51. Kd6 Ke8 52. Kc7 Bb5 53. c6 Ba6 54. Kb6 Bc8 55. a4 Ke7 56. Kc7 Ba6 57. a5 Ke6 58. Kb6 Kd6 59. Kxa6 Kxc6 1/2-1/2

[Event "SLO-chT2W"]
[Site "Slovenia"]
[Date "2002.11.21"]
[Round "1.5"]
[White "Golubovic, Boris"]
[Black "Kovacic, Peter"]
[Result "1-0"]
[WhiteElo "2441"]
[BlackElo "2197"]
[PlyCount "147"]
[EventDate "2002.11.22"]
[EventType "team"]
[EventRounds "7"]
[EventCountry "SLO"]
[SourceTitle "EXT 2005"]
[Source "ChessBase"]
[SourceDate "2004.11.15"]
[SourceVersion "1"]
[SourceVersionDate "2004.11.15"]
[SourceQuality "1"]

1. d4 b6 2. e4 Bb7 3. Nc3 e6 4. a3 Be7 5. Nf3 d6 6. Bd3 Nd7 7. 0-0 Ngf6 8. Re1 e5 9. Bg5 0-0 10. Qe2 h6 11. Be3 Re8 12. Ba6 Qc8 13. Bxb7 Qxb7 14. d5 Rac8 15. Rad1 Kh7 16. h3 Rg8 17. Nh2 a6 18. Ng4 Rcf8 19. Qf3 Qc8 20. Nh2 Kh8 21. Nf1 Nh7 22. Ng3 Bg5 23. Nf5 Qd8 24. Qe2 Bxe3 25. Qxe3 Re8 26. b4 Qg5 27. Rd3 Qxe3 28. Rdxe3 Nhf8 29. Ne2 Ng6 30. Neg3 Nf6 31. Rc3 Rc8 32. a4 Rgd8 33. f3 Rd7 34. Rc6 Nf4 35. Ne2 Nxe2+ 36. Rxe2 Kh7 37. Re3 g6 38. Ng3 Ra8 39. a5 b5 40. c4 bxc4 41. Rc3 Ne8 42. R3xc4 Rdd8 43. Kf2 Rdb8 44. Ne2 Kg7 45. Nc1 Kf8 46. Nd3 Ra7 47. Ke3 Rb6 48. g3 Ke7 49. f4 exf4+ 50. Nxf4 Kd8 51. Nd3 Nf6 52. Kd4 Nd7 53. Rc1 g5 54. h4 f6 55. hxg5 hxg5 56. Rh1 Ne5 57. Rh8+ Ke7 58. Nxe5 fxe5+ 59. Kc3 Rbb7 60. Kc4 Kf7 61. Kb3 Ke7 62. Rg8 Kf6 63. g4 Kf7 64. Rxg5 Rb8 65. Rf5+ Kg6 66. Rxe5 Rab7 67. Re6+ Kg5 68. Rc4 Kxg4 69. e5+ Kf5 70. exd6 c5 71. dxc6 Kxe6 72. cxb7 Kxd6 73. Rc8 Rxb7 74. Ra8 1-0

[Event "Faakersee op 18th"]
[Site "Latschach"]
[Date "2002.08.12"]
[Round "4"]
[White "Baernthaler, Michael"]
[Black "Kovacic, Peter"]
[Result "1/2-1/2"]
[WhiteElo "2036"]
[BlackElo "2182"]
[PlyCount "35"]
[EventDate "2002.08.??"]
[EventType "swiss"]
[EventRounds "9"]
[EventCountry "AUT"]
[SourceTitle "EXT 2006"]
[Source "ChessBase"]
[SourceDate "2005.11.24"]
[SourceVersion "1"]
[SourceVersionDate "2005.11.24"]
[SourceQuality "1"]

1. e4 b6 2. d4 Bb7 3. Nc3 e6 4. Nf3 Bb4 5. Bd3 Nf6 6. Qe2 c5 7. 0-0 Bxc3 8. bxc3 c4 9. Bxc4 Nxe4 10. Ba3 Nxc3 11. Qe5 Qf6 12. Qd6 Bxf3 13. gxf3 b5 14. Bd3 Nc6 15. Bc5 Qxf3 16. Rfe1 Qg4+ 17. Kh1 Qf3+ 18. Kg1 1/2-1/2

[Event "Bled op-B 23rd"]
[Site "Bled"]
[Date "2002.07.06"]
[Round "4"]
[White "Kovacic, Peter"]
[Black "Jovic, Stevan"]
[Result "1-0"]
[WhiteElo "2182"]
[BlackElo "2195"]
[PlyCount "85"]
[EventDate "2002.07.03"]
[EventType "swiss"]
[EventRounds "9"]
[EventCountry "SLO"]
[SourceTitle "CBM 089 Extra"]
[Source "ChessBase"]
[SourceDate "2002.09.10"]
[SourceVersion "2"]
[SourceVersionDate "2002.09.10"]
[SourceQuality "1"]

1. c4 c6 2. Nf3 d5 3. e3 Nf6 4. Nc3 g6 5. cxd5 cxd5 6. Bb5+ Bd7 7. Qb3 e6 8. Ne5 Nc6 9. Nxd7 Nxd7 10. d4 Bd6 11. Bd2 0-0 12. h4 Nf6 13. Be2 h5 14. 0-0-0 b5 15. f3 a6 16. Rdg1 Rc8 17. Kb1 Na5 18. Qd1 Nc4 19. e4 b4 20. Na4 dxe4 21. Bg5 Bg3 22. Nc5 Na3+ 23. bxa3 bxa3 24. fxe4 Qb6+ 25. Qb3 Qc6 26. Qxg3 Nxe4 27. Qxa3 Nxc5 28. dxc5 Qe4+ 29. Bd3 Rb8+ 30. Kc1 Qd4 31. Rd1 Rfc8 32. Bc2 Qa1+ 33. Kd2 Qd4+ 34. Ke1 Qc4 35. Bd3 Qg4 36. Be2 Qe4 37. Qf3 Qb4+ 38. Bd2 Qxc5 39. Rf1 Qe7 40. Bg5 Qb4+ 41. Kf2 Rc3 42. Qf6 Qb6+ 43. Ke1 1-0